| 000 | 00433nam a2200145Ia 4500 | ||
|---|---|---|---|
| 008 | 210430s9999 xx 000 0 und d | ||
| 020 | _a0256953120 (paperback) | 97802 | ||
| 082 | _a579 P9221 M | ||
| 100 | _aPrescott. | ||
| 245 |
_aMicrobiology _cPrescott. |
||
| 260 |
_a[S.l.] : _bMcGraw-Hill Primis, _c2006 |
||
| 300 | _a398 p. | ||
| 856 | _uhttp://www.amazon.com/exec/obidos/ASIN/0256953120/chopaconline-20 | ||
| 942 |
_cBK _2ddc |
||
| 999 |
_c562201 _d562201 |
||